Vzdelanosť manažérov malých a stredných podnikov v oblasti informačnej bezpečnosti
Celoživotné vzdelávanie manažérov sa stáva životnou nutnosťou technologického pokroku a významnou aktivitou rozvoja osobnosti aj organizácie. Znalosti základných manažérskych, ekonomických, marketingových, informačných významov a ich implementácia v praxi musí byť pre súčasného manažéra samozrejmou...
Uložené v:
| Hlavný autor: | |
|---|---|
| Ďalší autori: | , |
| Médium: | Kapitola |
| Jazyk: | Slovak |
| Predmet: | |
| Tagy: |
Žiadne tagy, Buďte prvý, kto otaguje tento záznam!
|
MARC
| LEADER | 00000nla a2200000 4500 | ||
|---|---|---|---|
| 001 | 0228246 | ||
| 005 | 20240502073746.1 | ||
| 041 | 0 | |a slo | |
| 044 | |a SK | ||
| 245 | 1 | 0 | |a Vzdelanosť manažérov malých a stredných podnikov v oblasti informačnej bezpečnosti |c Vladimír Bolek, Martina Beňová, František Korček |
| 520 | |a Celoživotné vzdelávanie manažérov sa stáva životnou nutnosťou technologického pokroku a významnou aktivitou rozvoja osobnosti aj organizácie. Znalosti základných manažérskych, ekonomických, marketingových, informačných významov a ich implementácia v praxi musí byť pre súčasného manažéra samozrejmou intelektuálnou výbavou. | ||
| 610 | 2 | 0 | |a manažment informačný |
| 610 | 2 | 0 | |a informatika manažérska |
| 610 | 2 | 0 | |a technológie informačné |
| 610 | 2 | 0 | |a technológie komunikačné |
| 610 | 2 | 0 | |a bezpečnosť informačná |
| 610 | 2 | 0 | |a vzdelávanie celoživotné |
| 610 | 2 | 0 | |a manažéri |
| 610 | 2 | 0 | |a podnik malý |
| 610 | 2 | 0 | |a podnik stredný |
| 100 | 1 | |a Bolek, Vladimír, 1988- | |
| 700 | 1 | |a Beňová, Martina | |
| 700 | 1 | |a Korček, František | |